Statistiques concernant Villes de France par lettre - C (Carte Quiz)

Cliquez ici pour prendre le quiz!

Statistiques générales

  • Ce quiz a été pris 16 409 fois
  • Le résultat moyen est 15 sur 23

Réponses sur la Carte

Les réponses sont colorées sur une échelle allant du rouge au vert en fonction du pourcentage des utilisateurs qui les ont devinées à leur premier essai. Vous pouvez retrouver ces pourcentages ci-dessous.
 

Statistiques - réponses

Réponse% Correct
Calais
91%
Cannes
87%
Caen
86%
Chamonix
82%
Clermont-Ferrand
82%
Calvi
79%
Carcassonne
77%
Cayenne
76%
Colmar
74%
Cherbourg-en-Cotentin
66%
Châlon-sur-Saône
65%
Châteauroux
63%
Cergy
61%
Concarneau
61%
Cambrai
60%
Charleville-Mézières
59%
Corbeil-Essonnes
58%
Clichy
55%
Castres
54%
Carpentras
53%
Compiègne
53%
Cholet
52%
Châtellerault
40%

Distribution des résultats

Percentile par nombre de réponses

% des personnes avec chaque résultat

Votre développement - résultats

Vous n’avez pas pris ce quiz